• 首页
  • 本馆介绍
  • 公告通知
  • 最新文献
  • 馆藏检索
  • 电子资源
  • 读者导购
  • 参考咨询
  • 我的图书馆
  • 登录
  • 详细信息显示
  • 放入我的书架
  • 预约/预借图书
  • 作者相关作品
  • 分类相关作品
  • 丛书相关作品
  • 出版社相关作品

书目信息

  • 表格格式
  • 工作单格式
  • 卡片格式
题名:
计算机通信网的设计与分析
    
 
作者: 施瓦茨 , Schwartz 编著 ;赵辰 , 杨再 译
分册:  
出版信息: 北京   人民邮电出版社  1984
页数: 412页
开本: 21cm
丛书名:
单 册:
中图分类: TN913.2 , TN919
科图分类:
主题词: 计算机通信网 , 数据通信 , 图象通信
电子资源:
ISBN:
000 01027nam0 2200337 45
001 0184016278
005 20040514111754.9
010    @dCNY2.55
091    @a15045.2906-5372
100    @a19950522d1984 em y0chiy0121 ea
101 1  @achi@ceng
102    @aCN@b110000
105    @ay z 000yy
106    @ar
200 10 @a计算机通信网的设计与分析@Aji suan ji tong xin wang de she ji yu fen xi@f(美)施瓦茨(Schwartz,M.)编著@g赵辰,杨再译
210    @a北京@c人民邮电出版社@d1984
215    @a412页@d21cm
300    @a书名原文:Computer communication network design and analysis
510 1  @aComputer communication network design and analysis@zeng
606    @a计算机通信网
606 0  @a数据通信
606 0  @a图象通信
690    @aTN913.2@v3 
690    @aTN919
701  1 @a施瓦茨@Ashi wa ci@bM.@4编著
701 A1 @aSchwartz@bM.@4编著
702  0 @a赵辰@Azhao chen@4译
702  0 @a杨再@Ayang zai@4译
801  0 @aCN@b上海图书馆@c20040514
801  2 @aCN@bNLC@c20040514
905    @f1@b141266@dTN919@e18
    
    计算机通信网的设计与分析/(美)施瓦茨(Schwartz,M.)编著/赵辰,杨再译.-北京:人民邮电出版社,1984
    412页;21cm
    书名原文:Computer communication network design and analysis
    
    ISBN :CNY2.55
    
●
相关链接 在E读中查询图书 在五车中查询图书 在当当中查询图书 在豆瓣中查询图书


正题名:计算机通信网的设计与分析     索取号:TN919/18         预约/预借

序号 登录号 条形码 馆藏地/架位号 状态 备注
1 0141266   001323455   第二样本阅览室/ [索取号:TN919/18] 在馆    
2 0141267   202103062   密集书库/ [索取号:TN919/18] 在馆    
唐山师范学院图书馆 欢迎您!
大连网信软件有限公司© 版权所有